The Baha'i Faith : (Record no. 25432)

MARC details
000 -LEADER
fixed length control field 00694cam a22002297a 4500
001 - CONTROL NUMBER
control field 15322068
003 - CONTROL NUMBER IDENTIFIER
control field BDDh-ASL
005 - DATE AND TIME OF LATEST TRANSACTION
control field 20231015030503.0
008 - FIXED-LENGTH DATA ELEMENTS--GENERAL INFORMATION
fixed length control field 080609s1992 xx b 000 0 eng
010 ## - LIBRARY OF CONGRESS CONTROL NUMBER
LC control number 2008613189
040 ## - CATALOGING SOURCE
Original cataloging agency DLC
Transcribing agency DLC
Modifying agency BDDh-ASL
050 00 - LIBRARY OF CONGRESS CALL NUMBER
Classification number MLCS 2008/43052 (B)
082 ## - DEWEY DECIMAL CLASSIFICATION NUMBER
Classification number 201
Item number HAB
245 04 - TITLE STATEMENT
Title The Baha'i Faith :
Remainder of title foundation, aims, and purposes.
260 ## - PUBLICATION, DISTRIBUTION, ETC.
Place of publication, distribution, etc. [S.l.] :
Name of publisher, distributor, etc. Splendour Publications,
Date of publication, distribution, etc. 1992.
300 ## - PHYSICAL DESCRIPTION
Extent 44 p. :
Dimensions 21 cm.
504 ## - BIBLIOGRAPHY, ETC. NOTE
Bibliography, etc. note Includes bibliographical references (p. 44).
710 2# - ADDED ENTRY--CORPORATE NAME
Corporate name or jurisdiction name as entry element Splendour Publications.
906 ## - LOCAL DATA ELEMENT F, LDF (RLIN)
a 7
b cbc
c orignew
d 4
e ncip
f 20
g y-gencatlg
942 ## - ADDED ENTRY ELEMENTS (KOHA)
Source of classification or shelving scheme Dewey Decimal Classification
Koha item type Books
Holdings
Withdrawn status Lost status Source of classification or shelving scheme Damaged status Not for loan Collection code Home library Current library Shelving location Date acquired Source of acquisition Total Checkouts Full call number Barcode Date last seen Copy number Price effective from Koha item type
    Dewey Decimal Classification     Non-fiction Asiatic Society Library Asiatic Society Library Sirajul Islam Collection 07/16/2021 Donated by Professor Sirajul Islam, FRHS   201 HAB 110211 07/16/2021 C-1 07/16/2021 Books

Powered by Koha